[Event "Moscow Open A,B"]
[Site "?"]
[Date "2017.02.05"]
[Round "9.20"]
[White "Osmak, Iulija"]
[Black "Babiy, Olga"]
[Result "1/2-1/2"]
[BlackElo "2315"]
[WhiteElo "2343"]
[LiveChessVersion "1.4.8"]

1. e4 {[%clk 1:30:57]} c5 {[%clk 1:30:57]} 2. Nf3 {[%clk 1:31:14]} e6
{[%clk 1:31:25]} 3. d4 {[%clk 1:31:40]} cxd4 {[%clk 1:31:51]} 4. Nxd4
{[%clk 1:32:07]} a6 {[%clk 1:32:17]} 5. Nc3 {[%clk 1:32:33]} Qc7 {[%clk 1:32:42]}
6. Bd3 {[%clk 1:32:58]} Nf6 {[%clk 1:33:03]} 7. f4 {[%clk 1:33:19]} b5
{[%clk 1:33:09]} 8. e5 {[%clk 1:32:33]} b4 {[%clk 1:33:19]} 9. Na4
{[%clk 1:31:54]} Nd5 {[%clk 1:33:38]} 10. Be4 {[%clk 1:30:26]} Bb7
{[%clk 1:34:05]} 11. O-O {[%clk 1:30:46]} Nb6 {[%clk 1:34:27]} 12. Nxb6
{[%clk 1:26:00]} Qxb6 {[%clk 1:34:52]} 13. Bxb7 {[%clk 1:26:17]} Qxb7
{[%clk 1:35:18]} 14. Be3 {[%clk 1:26:02]} Be7 {[%clk 1:32:51]} 15. Qg4
{[%clk 1:21:51]} g6 {[%clk 1:30:59]} 16. Rad1 {[%clk 1:21:31]} Nc6
{[%clk 1:28:14]} 17. Qf3 {[%clk 1:11:36]} Rc8 {[%clk 1:25:07]} 18. Rf2
{[%clk 1:11:11]} Na5 {[%clk 1:21:09]} 19. Qxb7 {[%clk 1:01:30]} Nxb7
{[%clk 1:19:34]} 20. Nb3 {[%clk 1:01:15]} d5 {[%clk 1:10:45]} 21. exd6
{[%clk 0:59:16]} Nxd6 {[%clk 1:09:09]} 22. Bd4 {[%clk 0:49:23]} Rg8
{[%clk 1:08:58]} 23. g4 {[%clk 0:40:14]} Nb5 {[%clk 1:03:05]} 24. Bb6
{[%clk 0:35:13]} Rc6 {[%clk 0:56:22]} 25. Be3 {[%clk 0:32:41]} f5
{[%clk 0:54:27]} 26. h3 {[%clk 0:31:58]} Kf7 {[%clk 0:52:53]} 27. Nd4
{[%clk 0:18:30]} Nxd4 {[%clk 0:51:25]} 28. Bxd4 {[%clk 0:18:55]} Rd8
{[%clk 0:44:07]} 29. Rdd2 {[%clk 0:18:02]} Rd5 {[%clk 0:30:46]} 30. Kg2
{[%clk 0:13:44]} Ra5 {[%clk 0:25:58]} 31. Be5 {[%clk 0:13:46]} Ke8
{[%clk 0:26:10]} 32. Rfe2 {[%clk 0:03:38]} Rxa2 {[%clk 0:16:23]} 33. gxf5
{[%clk 0:04:03]} gxf5 {[%clk 0:16:49]} 34. Kf3 {[%clk 0:04:27]} Ra5
{[%clk 0:15:26]} 35. Rg2 {[%clk 0:03:37]} Rd5 {[%clk 0:10:09]} 36. Rg8+
{[%clk 0:04:01]} Kd7 {[%clk 0:10:31]} 37. Rdg2 {[%clk 0:02:37]} b3
{[%clk 0:07:18]} 38. c3 {[%clk 0:02:55]} Rc8 {[%clk 0:07:13]} 39. R8g7
{[%clk 0:00:36]} Re8 {[%clk 0:07:41]} 40. Rxh7 {[%clk 0:30:53]} Kc6
{[%clk 0:37:17]} 41. Rgg7 {[%clk 0:26:25]} Bd6 {[%clk 0:26:12]} 42. Bd4
{[%clk 0:22:04]} Bxf4 {[%clk 0:18:15]} 43. Kxf4 {[%clk 0:09:53]} e5+
{[%clk 0:18:39]} 44. Bxe5 {[%clk 0:10:20]} Rdxe5 {[%clk 0:16:32]} 45. Rc7+
{[%clk 0:09:20]} Kd6 {[%clk 0:16:52]} 46. Rhd7+ {[%clk 0:06:04]} Ke6
{[%clk 0:17:20]} 47. Rd2 {[%clk 0:04:45]} Re4+ {[%clk 0:15:48]} 48. Kf3
{[%clk 0:05:09]} a5 {[%clk 0:12:40]} 49. Ra7 {[%clk 0:04:23]} a4 {[%clk 0:11:35]}
50. Ra6+ {[%clk 0:01:08]} Ke5 {[%clk 0:07:00]} 51. Rad6 {[%clk 0:01:27]} Re6
{[%clk 0:06:17]} 52. Rd8 {[%clk 0:01:11]} Rf4+ {[%clk 0:05:14]} 53. Ke3
{[%clk 0:01:21]} Re4+ {[%clk 0:05:40]} 54. Kf3 {[%clk 0:01:48]} Rf4+
{[%clk 0:05:26]} 55. Ke3 {[%clk 0:02:15]} Rh4 {[%clk 0:05:32]} 56. Rh2
{[%clk 0:01:35]} Kf6+ {[%clk 0:04:44]} 57. Kf3 {[%clk 0:01:17]} Ree4
{[%clk 0:02:04]} 58. Rf8+ {[%clk 0:01:28]} Ke6 {[%clk 0:02:26]} 59. Re8+
{[%clk 0:01:41]} Kf7 {[%clk 0:02:11]} 60. Ra8 {[%clk 0:02:05]} Re6
{[%clk 0:01:49]} 61. Kg3 {[%clk 0:01:27]} Rc4 {[%clk 0:02:04]} 62. Rd2
{[%clk 0:00:54]} Re3+ {[%clk 0:01:11]} 63. Kg2 {[%clk 0:01:08]} Kf6
{[%clk 0:00:53]} 64. Rf8+ {[%clk 0:01:24]} Kg5 {[%clk 0:01:04]} 65. Rg8+
{[%clk 0:01:39]} Kf6 {[%clk 0:01:21]} 66. Rf8+ {[%clk 0:02:05]} Kg6
{[%clk 0:00:49]} 67. Rf2 {[%clk 0:01:59]} Re5 {[%clk 0:00:47]} 68. Kg3
{[%clk 0:01:22]} Rb5 {[%clk 0:01:03]} 69. Ra8 {[%clk 0:01:31]} Re4
{[%clk 0:01:02]} 70. Rf4 {[%clk 0:00:35]} Re3+ {[%clk 0:01:10]} 71. Rf3
{[%clk 0:00:38]} Re2 {[%clk 0:00:50]} 72. Ra6+ {[%clk 0:00:55]} Kg7
{[%clk 0:00:58]} 73. Rf2 {[%clk 0:00:36]} Re3+ {[%clk 0:00:39]} 74. Kf4
{[%clk 0:00:35]} Re4+ {[%clk 0:00:52]} 75. Kg5 {[%clk 0:00:58]} f4+
{[%clk 0:00:39]} 76. Kg4 {[%clk 0:01:25]} f3+ {[%clk 0:00:40]} 77. Kxf3
{[%clk 0:01:41]} Rf5+ {[%clk 0:01:04]} 78. Kxe4 {[%clk 0:02:05]} Rxf2
{[%clk 0:01:32]} 79. Rxa4 {[%clk 0:02:30]} Rxb2 {[%clk 0:01:43]} 80. Rb4
{[%clk 0:02:23]} Kf6 {[%clk 0:01:38]} 81. Kd5 {[%clk 0:01:46]} Rd2+
{[%clk 0:01:17]} 82. Kc5 {[%clk 0:01:11]} b2 {[%clk 0:01:37]} 83. c4
{[%clk 0:01:28]} Ke6 {[%clk 0:01:18]} 84. Kc6 {[%clk 0:00:48]} Rd6+
{[%clk 0:01:22]} 85. Kc5 {[%clk 0:00:37]} Rd2 {[%clk 0:01:22]} 86. Rb7
{[%clk 0:00:55]} Rc2 {[%clk 0:00:45]} 87. h4 {[%clk 0:01:19]} Rh2
{[%clk 0:01:01]} 88. Kc6 {[%clk 0:00:39]} Rxh4 {[%clk 0:01:12]} 89. c5
{[%clk 0:00:49]} Rh2 {[%clk 0:01:36]} 90. Rb4 {[%clk 0:01:02]} Rc2
{[%clk 0:00:53]} 91. Rb3 {[%clk 0:00:56]} Ke5 {[%clk 0:00:36]} 92. Rb4
{[%clk 0:00:44]} Ke6 {[%clk 0:01:04]} 93. Rb5 {[%clk 0:01:00]} Ke7
{[%clk 0:00:50]} 94. Kb6 {[%clk 0:00:34]} Kd7 {[%clk 0:00:46]} 95. Kb7
{[%clk 0:00:33]} Rxc5 {[%clk 0:00:49]} 96. Rxb2 {[%clk 0:00:59]} 1/2-1/2